Um novo IVA? Os tributos sobre o consumo e a economia digital /

Detalles Bibliográficos
Autor principal: Guimarês Castello, Melissa
Formato: eBook
Lenguaje:portugués
Publicado: San Pablo: Editora Noeses, 2021
Materias:
Acceso en línea:Acceso restringido

MARC

LEADER 00000nam a22000007a 4500
005 20220516211736.0
007 cr|||| ||||
008 220516s2021 br |||||s|||| 00||0 por d
020 |a 978-65-89888-15-4 
035 |a 36406 
040 |a vLex 
090 |c 13343  |d 13343 
100 1 |a Guimarês Castello, Melissa 
245 1 2 |a Um novo IVA?  |h [Recurso electrn̤ico] :  |b Os tributos sobre o consumo e a economia digital /  |c Melissa Guimarês Castello 
256 |a Servicio en ln̕ea 
260 |a San Pablo:  |b Editora Noeses,  |c 2021 
300 |a 1 recurso electrn̤ico 
500 |a A Autora discorre sobre os desafios atuais e futuros do IVA - Imposto sobre Valor Agregado na nova economia digital. Aponta a necessidade de modificaȯ̂ da estrutura do IVA, como imposto sobre consumo, para que esse tributo esteja apto a incidir sobre o consumo do Sčulo XXI, com observńcia aos princp̕ios da neutralidade e da eficin̊cia. Enfrenta a questô tributr̀ia de como tributar o consumo no Sčulo XXI, diante do comřcio eletrn̥ico; das novas tecnologias e intelign̊cia artificial, que levam s̉ profundas modificaė̳s nas relaė̳s de consumo e nas cadeias produtivas. Trata-se de obra de abordagem inďita e atual, apta a fomentar o debate das propostas de reforma tributr̀ia, merecendo a recomendaȯ̂ nô apenas no Brasil como a nv̕el internacional, dada a natureza desse imposto e dos problemas atuais abordados pela Autora. 
506 1 |a Disponible solo en los productos indicados  |d vLex Global  |d vLex Global (Academic Edition, excluding Law Schools)  |d vLex Global (U.S. Academic Edition, Law Schools)  |d vLex Global (U.S. Academic Edition, excluding Law Schools)  |d vLex Global (Academic Edition, Law Schools) 
650 0 4 |a Derecho Tributario  |z Brasil 
740 0 |a vLex Libros (Servicio en ln̕ea) 
856 4 0 |u https://app.vlex.com/#/sources/36406  |z Acceso restringido 
942 |c BOOK 
999 0 |a Tax Law